Management of Pigs and Post Slaughter Handling of Pork among Small Scale Farmers in Zambia. A case of Chipata City/ (Record no. 1648)

MARC details
000 -LEADER
fixed length control field 00573nam a22001817a 4500
005 - DATE AND TIME OF LATEST TRANSACTION
control field 20250226130508.0
008 - FIXED-LENGTH DATA ELEMENTS--GENERAL INFORMATION
fixed length control field 250226b |||||||| |||| 00| 0 eng d
040 ## - CATALOGING SOURCE
Original cataloging agency KMU
Transcribing agency KMU
Modifying agency KMU
100 ## - MAIN ENTRY--PERSONAL NAME
Personal name Jere, Thokozile Bestina
245 ## - TITLE STATEMENT
Title Management of Pigs and Post Slaughter Handling of Pork among Small Scale Farmers in Zambia. A case of Chipata City/
Statement of responsibility, etc. Jere, Thokozile Bestina
260 ## - PUBLICATION, DISTRIBUTION, ETC.
Place of publication, distribution, etc. Chinsali:
Name of publisher, distributor, etc. KMU,
Date of publication, distribution, etc. 2020.
300 ## - PHYSICAL DESCRIPTION
Extent vii, 24p.:
Other physical details ill.;
Dimensions 29 cm.
650 ## - SUBJECT ADDED ENTRY--TOPICAL TERM
Topical term or geographic name entry element Animal Science.
650 ## - SUBJECT ADDED ENTRY--TOPICAL TERM
Topical term or geographic name entry element Pigs.
650 ## - SUBJECT ADDED ENTRY--TOPICAL TERM
Topical term or geographic name entry element Post Slaughter.
650 ## - SUBJECT ADDED ENTRY--TOPICAL TERM
Topical term or geographic name entry element Pork.
942 ## - ADDED ENTRY ELEMENTS (KOHA)
Koha item type Student Project Report
Suppress in OPAC No
Holdings
Withdrawn status Lost status Damaged status Not for loan Collection Home library Current library Shelving location Date acquired Source of acquisition Total Checkouts Date last seen Price effective from Koha item type
        Reference Kapasa Makasa University Kapasa Makasa University Reference 26.02.2025 KMU   26.02.2025 26.02.2025 Student Project Report